000 00842ngm a2200217 i 4500
001 bg
245 0 0 _aObserwacja i łączność w ochronie lasów przed pożarami /
_cOśrodek Rozwojowo-Wdrożeniowy Lasów Państwowych w Bedoniu.
260 _aAndrespol :
_bLeśne Studio Filmowe ORWLP w Bedoniu,
_c1995.
300 _a1 kas. wiz. (24 min) :
_bdźw., kolor.
490 1 _vB-13
650 9 _aLas
_xbezpieczeństwo
650 9 _aPożar
_xzapobieganie
655 _aDokumenty audiowizualne
710 0 _aOśrodek Rozwojowo-Wdrożeniowy Lasów Państwowych (Bedoń)
040 _cBPK
041 0 _apol
080 _a630*4
942 _cTW
008 s pl f |000 0 pol
999 _c35281
_d35281
856 _uhttp://koha.tu.koszalin.pl/cgi-bin/koha/opac-detail.pl?biblionumber=35281
_yKatalog online BPK